| Tag |
First Indicator |
Second Indicator |
Subfields |
| LEADER |
00000cam a2200000 i 4500 |
| 001 |
in00004354613 |
| 008 |
200124t20202020nyu e 000 p eng |
| 005 |
20250318213014.1 |
| 010 |
|
|
|a 2020003402
|
| 020 |
|
|
|a 9780374240813
|
| 020 |
|
|
|a 0374240817
|q hardcover
|
| 035 |
|
|
|a (OCoLC)on1119770681
|
| 035 |
|
|
|a (OCoLC)1119770681
|
| 040 |
|
|
|a DLC
|b eng
|e rda
|c DLC
|d OCLCF
|d OCLCO
|d YDX
|d DPL
|
| 042 |
|
|
|a pcc
|
| 050 |
0 |
0 |
|a PS3613.C385747
|b S66 2020
|
| 082 |
0 |
0 |
|a 811/.6
|2 23
|
| 100 |
1 |
|
|a McCrae, Shane,
|d 1975-
|e author.
|
| 245 |
1 |
0 |
|a Sometimes I never suffered /
|c Shane McCrae.
|
| 250 |
|
|
|a First edition.
|
| 264 |
|
1 |
|a New York :
|b Farrar, Straus and Giroux,
|c 2020.
|
| 264 |
|
4 |
|c ©2020
|
| 300 |
|
|
|a 86 pages ;
|c 22 cm
|
| 336 |
|
|
|a text
|b txt
|2 rdacontent
|
| 337 |
|
|
|a unmediated
|b n
|2 rdamedia
|
| 338 |
|
|
|a volume
|b nc
|2 rdacarrier
|
| 520 |
|
|
|a "In Sometimes I Never Suffered, his seventh collection of poems, Shane McCrae remains 'a shrewd composer of American stories' (Dan Chiasson, The New Yorker). Here, an angel, hastily thrown together by his fellow residents of Heaven, plummets to Earth in his first moments of consciousness. Jim Limber, the adopted mixed-race son of Jefferson Davis, wanders through the afterlife, reckoning with the nuances of America's racial history, as well as his own. Sometimes I Never Suffered is a search for purpose and atonement, freedom and forgiveness, imagining eternity not as an escape from the past or present, but as a reverberating record and as the culmination of time's manifold potential to mend."--Publisher's description.
|
| 520 |
|
|
|a "Spanning religious, historical, and political themes, a new collection from the award-winning poet"--
|c Provided by publisher.
|
| 650 |
|
0 |
|a American poetry
|y 21st century.
|
| 655 |
|
7 |
|a Poetry.
|2 lcgft
|
| 655 |
|
7 |
|a Poetry.
|2 fast
|0 (OCoLC)fst01423828
|
| 852 |
8 |
|
|b pda,print
|z This title is available for the library to purchase for your use. Click the "Purchase It For Me" button to place a request. This item may take 5-10 business days to arrive.
|
| 955 |
|
|
|a Print PDA title
|
| 961 |
|
|
|m 565730
|
| 999 |
f |
f |
|s 2bd4efda-b2dc-460c-b0f8-cee83ba00f6a
|i 5793dc96-3d37-3e7c-97dd-8be6a9eda46e
|t 0
|
| 952 |
f |
f |
|a Texas A&M University
|b College Station
|c Sterling C. Evans Library
|d Purchase on Demand
|t 0
|e PS3613.C385747 S66 2020
|h Library of Congress classification
|
| 998 |
f |
f |
|a PS3613.C385747 S66 2020
|t 0
|l Purchase on Demand
|